| 000 | 00747nam a22002297a 4500 | ||
|---|---|---|---|
| 005 | 20150225110605.0 | ||
| 008 | 140714b xxu||||| |||| 00| 0 Urdu d | ||
| 010 | _aUR-8678 | ||
| 020 | q | _c80.00 | |
| 020 | _c9789350733820 | ||
| 035 | _aU-7233 | ||
| 037 | _bDBAD/Pub. | ||
| 040 |
_aDPL _bUrdu |
||
| 082 | _a840.8 | ||
| 100 | _aا ما م قا سم سا قی | ||
| 245 |
_aتا سيس :تجقيق و تنقيد _cا ما م قا سم سا قی |
||
| 246 |
_aTasees (Tehqeeq wa Tanqeed) _bBy Imam Qasim Saqi |
||
| 260 |
_aد ھلی _bEducational Publishing House _c2014 |
||
| 270 |
_a3108,Vakeel Street,Kucha Pandit,Lal Kuan _b.Delhi _e110006 |
||
| 300 |
_a200.ص _c22Cm (Hb) |
||
| 942 |
_2ddc _cUR _e _h840.8 _mا م ا |
||
| 999 |
_c91875 _d91875 |
||